Lesbians talk (safer) sex /

Guardat en:
Dades bibliogràfiques
Autors principals: O'Sullivan, Sue (Autor), Parmar, Pratibha (Autor)
Format: Llibre
Idioma:anglès
Publicat: London : Scarlet Press, 1992
Etiquetes: Afegir etiqueta
Sense etiquetes, Sigues el primer a etiquetar aquest registre!

MARC

LEADER 00000nam a22000007i 4500
001 IT\ICCU\UBO\3437306
003 ItRI
005 20260115231836.0
008 080613s1992 xxk|||||| ||||| |||||c
020 |a 1857270207 
040 |b ita  |c importazione bologna sebina 
041 7 |a eng  |2 ISO-639-2 
100 1 |a O'Sullivan, Sue  |0 IT\ICCU\LO1V\146548  |4 aut 
245 1 0 |a Lesbians talk (safer) sex /  |c Sue O'Sullivan and Pratibha Parmar. 
260 |a London :  |b Scarlet Press,  |c 1992 
300 |a 63 p. ;  |c 22 cm. 
700 1 |a Parmar, Pratibha  |0 IT\ICCU\TSAV\012493  |4 aut 
942 |2 ddc  |c BK  |n 0 
952 |0 0  |1 0  |4 0  |6 L_613_042000000000000_OSU  |7 0  |9 14020  |a BO  |b BO  |d 2026-01-15  |i 4971  |l 0  |o L 613.042 OSU  |p BO4971  |r 2026-01-15 23:18:36  |w 2026-01-15  |x [Sebina 5] [1 v.]  |y BK  |z 1 v. 
999 |c 12079  |d 12079